000 00855cam a2200253u 4500
001 e 25000028
003 DLC
005 20260227111216.0
008 880804s1924 ilu 000 0 eng
010 _ae 25000028
040 _aDLC
_cCarP
_dDLC
043 _an-us-il
050 0 0 _aL142
_b.B35 no. 189
110 1 _aIllinois.
_bDepartment of public instruction. [from old catalog]
245 1 0 _aStandards for recognized high schools ...
260 _a[Springfield
_c1924]
300 _a32 p.
_c23 cm.
500 _aAt head of title: State of Illinois. Office of superintendent of public instruction.
650 0 _aHigh schools
_xAccreditation
_zIllinois.
650 4 _aAccredited schools
_zIllinois.
700 1 _aHanna, John Calvin,
_d1855-
700 1 _aThrasher, Harry Maxwell,
_d1886- [from old catalog]
700 1 _aMoore, R. L.
_q(Roy Lewis)
999 _c20735
_d20735